000 00784nam a2200241 a 4500
001 BRCA_347
005 20190320202953.0
008 830127s1982 paua b 001 0 eng
020 _a0916838692
040 _aDLC
_cDLC
_dDLC
050 4 _aNK4007
_b.H46 1982
100 1 _aHenzke, Lucile
_91154
245 1 0 _aArt Pottery of America
_cby Lucile Henzke.
260 _aEstados Unidos de América; Exton, Pa.
_bSchiffer Pub.
_c1982.
300 _a368 p.
_bil. (algunas a color)
_c29 cm.
500 _aDonación Consejo Británico
504 _aBibliografía: p. 361.
650 1 4 _aCerámica americana
_ySiglo XIX
_91155
650 1 4 _aCerámica americana
_ySiglo XX
_91066
650 1 4 _aDecoración y ornamentación
_xTemas, motivos
_zEstados Unidos
_91156
902 _aDCB
942 _2lcc
_cB
999 _c284
_d284